The Lessons of History (Record no. 46511)

MARC details
000 -LEADER
fixed length control field 00415nam a22001697a 4500
005 - DATE AND TIME OF LATEST TRANSACTION
control field 20251112165344.0
008 - FIXED-LENGTH DATA ELEMENTS--GENERAL INFORMATION
fixed length control field 251112b |||||||| |||| 00| 0 eng d
020 ## - INTERNATIONAL STANDARD BOOK NUMBER
International Standard Book Number 9781439149959
041 ## - LANGUAGE CODE
Language code of text/sound track or separate title Eng
082 ## - DEWEY DECIMAL CLASSIFICATION NUMBER
Classification number 901 DUR
100 ## - MAIN ENTRY--PERSONAL NAME
Author Durant, Will
245 ## - TITLE STATEMENT
Title The Lessons of History
260 ## - PUBLICATION, DISTRIBUTION, ETC.
Place New York
Publisher Simon & Schuster
Publication Year 2020
300 ## - PHYSICAL DESCRIPTION
Extent 117;. P. 21 cm
650 ## - SUBJECT ADDED ENTRY--TOPICAL TERM
Subject History; Philosophy
942 ## - ADDED ENTRY ELEMENTS (KOHA)
Koha item type Books
Holdings
Withdrawn status Lost status Source of classification or shelving scheme Damaged status Not for loan Home library Current library Shelving location Accession Date Vendor Price Bill number Total Checkouts Full call number Barcode No Date last seen Date last checked out Bill Date Koha item type Suggested By
    Dewey Decimal Classification     IMTN IMTN Rack 43-B 11/12/2025 Amazon 374.00 HYD8-242691 1 901 DUR 33958 11/21/2025 11/21/2025 10/11/2025 Books Faculty Purchase by Dr. Jitendra Sharma
Designed & Maintained by: LRC IMT Nagpur Contact: lrc@imtnag.ac.in© 2024. All Rights Reserved.